Statistics for National Flags with Birds of Prey

Click here to take the quiz!

General Stats

  • This quiz has been taken 24 times
  • The average score is 9 of 10

Answer Stats

Answer% Correct
Mexico
100%
Albania
95%
Egypt
95%
Kazakhstan
95%
Montenegro
95%
Ecuador
91%
Serbia
91%
Zambia
91%
Moldova
86%
Bolivia
41%

Score Distribution

Percentile by Number Answered

Percent of People with Each Score

Your Score History

You have not taken this quiz